Forests, people, and governance (Registro nro. 12932)

Detalles MARC
000 -CABECERA
Campo de control 007200000a22002170004500
090 ## - CLASIFICACIÓN LOCAL
Colección AR
Consecutivo 03897
041 0# - IDIOMA
Código de idioma para texto/pista de sonido o título separado
100 1# - ASIENTO PRINCIPAL--NOMBRE PERSONAL
Nombre personal Gibson, Clark C.
245 10 - MENCION DE TITULO
Título Forests, people, and governance
Version some initial theoretical lessons
260 ## - PUBLICACION, DISTRIBUCION, ETC. (PIE DE IMPRENTA)
Lugar de publicación, distribución, etc. Cambridge
Nombre del editor, distribuidor, etc. MASS
Fecha de publicación, distribución, etc. 2000
260 ## - PUBLICACION, DISTRIBUCION, ETC. (PIE DE IMPRENTA)
Nombre del editor, distribuidor, etc. MIT Press.
300 ## - DESCRIPCION FISICA
Extensión 227-242
650 14 - ASIENTO SECUNDARIO DE MATERIA - TERMINO TEMATICO
Término temático o nombre geográfico como elemento de entrada Recursos forestales
650 14 - ASIENTO SECUNDARIO DE MATERIA - TERMINO TEMATICO
Término temático o nombre geográfico como elemento de entrada Manejo de Bosques
650 14 - ASIENTO SECUNDARIO DE MATERIA - TERMINO TEMATICO
Término temático o nombre geográfico como elemento de entrada Economía institucional
650 14 - ASIENTO SECUNDARIO DE MATERIA - TERMINO TEMATICO
Término temático o nombre geográfico como elemento de entrada Teoría económica
700 1# - ASIENTO SECUNDARIO - NOMBRE PERSONAL
Nombre personal Ostrom, Elinor
700 1# - ASIENTO SECUNDARIO - NOMBRE PERSONAL
Nombre personal McKean, Margaret A.
773 1# - Item fuente:
Título In Gibson, C.; McKean, M. and Ostrom, E. eds./ People and Forests: Communities, Institutions, and Governance
942 ## - ELEMENTOS ADICIONALES (KOHA)
Tipo de ítem Artículo
Existencias
Withdrawn status Lost status Damaged status No para préstamo Colección Ubicación Permanente Ubicación actual Fecha de adquisición Datos de publicación Seriada Total Checkouts Número topográfico Inventario / Código de Barras Date last seen Ejemplar Price effective from Forma de adquisición Tipo de material
      No para Préstamo Hemeroteca Bogotá Bogotá 27/02/2015 Fuera de circulación   AR 03897 017460 25/03/2015 1 25/03/2015   Artículo